Convention management and service
Gespeichert in:
| 1. Verfasser: | |
|---|---|
| Weitere Verfasser: | |
| Format: | Buch |
| Sprache: | Englisch |
| Veröffentlicht: |
Lansing
Education Institute American Hotel & Lodging Association
2006
|
| Ausgabe: | 7th ed. |
| Schlagworte: | |
| Tags: |
Keine Tags, Fügen Sie das erste Tag hinzu!
|
MARC
| LEADER | 00000nam a2200000 4500 | ||
|---|---|---|---|
| 001 | 0127224 | ||
| 005 | 20240311125507.0 | ||
| 020 | |a 978-0-86612-280-1 | ||
| 020 | |a 0-86612-280-X | ||
| 041 | 0 | |a eng | |
| 044 | |a US | ||
| 245 | 1 | 0 | |a Convention management and service |c Milton T. Astroff, James R. Abbey |
| 250 | |a 7th ed. | ||
| 264 | 1 | |a Lansing |b Education Institute American Hotel & Lodging Association |c 2006 | |
| 300 | |a xv, 616 s. | ||
| 610 | 2 | 0 | |a hotely |
| 610 | 2 | 0 | |a pohostinstvo |
| 610 | 2 | 0 | |a predaj |
| 610 | 2 | 0 | |a služby |
| 610 | 2 | 0 | |a plán marketingový |
| 610 | 2 | 0 | |a reklama |
| 610 | 2 | 0 | |a obchod |
| 100 | 1 | |a Astroff, Milton T. | |
| 700 | 1 | |a Abbey, James R. | |